LEADER 01237cam0-2200361---450- 001 990005753070403321 005 20150924151008.0 035 $a000575307 035 $aFED01000575307 035 $a(Aleph)000575307FED01 035 $a000575307 100 $a19990604d1888----km-y1itay50------ba 101 0 $aita 102 $aIT 105 $ay---r---00--- 200 1 $aStoria documentata di Rovigno$fdi B. Dr. Benussi$cSaggi di dialetto rovignese$epubblicati dal Municipio di Rovigno all'apertura dell'Ospizio Marino "Arciduchessa Maria teresa" in S. Pelagio$fdi A. Dr. Ive 210 $aTrieste$cTip. del Lloyd Austro-ungarico$d1888 215 $a2 v. in 1 (396 ; 78 p.)$d26 cm 311 $aIn appendice: Saggi di dialetto rovignese 423 0$12001$aSaggi di dialetto rovignese /di A. Ive 610 0 $aDialetto rovignese$aSaggi 610 0 $aRovigno$aStoria 676 $a949.72$v22$zita 676 $a491.82$v22$zita 700 1$aBenussi,$bBernardo$0219858 702 1$aIve,$bAntonio 801 0$aIT$bUNINA$gREICAT$2UNIMARC 901 $aBK 912 $a990005753070403321 952 $a949.72 BEN 1$bIst.Glott. s.i.$fFLFBC 959 $aFLFBC 996 $aStoria documentata di Rovigno$9571822 997 $aUNINA LEADER 01076nam0-2200325---450- 001 990009554680403321 005 20120413095241.0 035 $a000955468 035 $aFED01000955468 035 $a(Aleph)000955468FED01 035 $a000955468 100 $a20120410d2002----km-y0itay50------ba 101 0 $aita 102 $aIT 105 $af-------001yy 200 1 $aLessico idronomastico dell'Abruzzo e del Molise$fLuigi Chiappinelli 210 $aNapoli$c[S.n.]$d2002$g[Il torcoliere] 215 $a149 p.$c2 fogli di tavole rip.$d24 cm 225 1 $aQuaderni di Aion. Nuova serie$fIstituto universitario Orientale, Dipartimento di studi del mondo classico e del Mediterraneo antico$v7 610 0 $aIdronimi$aAbruzzo 610 0 $aIdronimi$aMolise 676 $a914.571$v22$zita 700 1$aChiappinelli,$bLuigi$0328882 801 0$aIT$bUNINA$gRICA$2UNIMARC 901 $aBK 912 $a990009554680403321 952 $a914.5 CHI 3$bBibl. 61920$fFLFBC 959 $aFLFBC 996 $aLessico idronomastico dell'Abruzzo e del Molise$9853929 997 $aUNINA